| 000 | 00349nam a22001457a 4500 | ||
|---|---|---|---|
| 008 | 210521b ||||| |||| 00| 0 eng d | ||
| 020 | _a9780763778941 | ||
| 041 | _aeng | ||
| 080 |
_23rd _a61 |
||
| 082 | _a61 | ||
| 100 | _a4 | ||
| 101 | _aSHM | ||
| 245 |
_aHealth Care Finance Basic Tools for Nonfinancial Managers _cBaker,J.J |
||
| 942 |
_2udc _cBK |
||
| 999 |
_c57594 _d57594 |
||